[Event "2nd UzChess Cup Masters"]
[Site "Tashkent UZB"]
[Date "2025.06.24"]
[Round "6.4"]
[White "Yakubboev, Nodirbek"]
[Black "Abdusattorov, Nodirbek"]
[Result "1-0"]
[WhiteTitle "GM"]
[BlackTitle "GM"]
[WhiteElo "2659"]
[BlackElo "2767"]
[WhiteFideId "14203987"]
[BlackFideId "14204118"]
[EventDate "2025.06.19"]

1. d4 d5 2. c4 e6 3. Nf3 Nf6 4. Nc3 dxc4 5. e4 Bb4 6. Bxc4 Nxe4 7. O-O Nf6 8.
Qa4+ Nc6 9. Ne5 Rb8 10. Nxc6 bxc6 11. Rd1 O-O 12. Qxa7 Bd7 13. Qa4 c5 14. Qc2
Bc6 15. a3 Bxc3 16. bxc3 Qd6 17. Be2 Be4 18. Qd2 Rfd8 19. a4 Qc6 20. f3 Bg6 21.
Bb5 Qa8 22. Ba3 cxd4 23. cxd4 e5 24. Qc1 exd4 25. Be7 Qa7 26. Bc5 Qa5 27. Rxd4
c6 28. Rxd8+ Rxd8 29. Bxc6 Rc8 30. Bb5 h6 31. Qc4 Bd3 32. Qb4 Qxb4 33. Bxb4 Bxb5
34. axb5 Rb8 35. Ra5 Nd7 36. Kf1 Nb6 37. Bd6 Rb7 38. Bg3 Kh7 39. Bf2 Nc4 40. Ra4
Nd2+ 41. Ke1 Nxf3+ 42. gxf3 Rxb5 43. Kf1 Kg6 44. Rg4+ Kh7 45. h4 f6 46. Rc4 h5
47. Rc7 Kg6 48. Kg2 Rb2 49. Kg3 Rb1 50. Bc5 Rb8 51. Kf4 Re8 52. Rd7 Rc8 53. Bd6
Re8 54. Rb7 Rd8 55. Bc5 Rc8 56. Bb4 Re8 57. Be7 Kf7 58. Bc5+ Kg6 59. Bb4 Rc8 60.
Ke4 Re8+ 61. Re7 Rb8 62. Bd6 Rb1 63. Ra7 Re1+ 64. Kd5 Rd1+ 65. Ke6 Re1+ 66. Kd7
Re3 67. Ra3 Re1 68. Kd8 Rh1 69. Ra4 Rh3 70. Rf4 Kf7 71. Kd7 Rh1 72. Re4 Rh3 73.
Re7+ Kg8 74. Re8+ Kh7 75. Ke7 Rxf3 76. Kf7 Rd3 77. Be7 Re3 78. Rb8 Re4 79. Bf8
Ra4 80. Rb7 Rxh4 81. Bxg7 Ra4 82. Bxf6 h4 83. Bg5 Ra6 84. Rb4 Ra7+ 85. Be7 Ra6
86. Rxh4+ Rh6 87. Rg4 Ra6 88. Rg7+ Kh6 89. Rg8 Kh7 90. Rg5 Rb6 91. Rg7+ Kh6 92.
Rg8 Kh7 93. Rg5 Ra6 94. Bc5 Rc6 95. Bf8 Rc7+ 96. Be7 Rc6 97. Rg7+ Kh6 98. Rg4
Kh7 99. Bf6 Rc7+ 100. Ke6 Rc1 101. Be5 Rf1 102. Bf4 Ra1 103. Kf6 Ra6+ 104. Kf5
Ra1 105. Rh4+ Kg8 106. Be5 Ra6 107. Bf6 Ra2 108. Rh8+ Kf7 109. Rh7+ Kg8 110.
Rg7+ Kf8 111. Rc7 Kg8 112. Rg7+ Kf8 113. Rb7 Kg8 114. Bd4 Ra6 115. Bb6 Ra4 116.
Be3 Ra6 117. Bc5 Rc6 118. Bb4 Ra6 119. Bc3 Rc6 120. Bf6 Rc1 121. Be5 Rc6 122.
Rd7 Ra6 123. Bd6 Ra1 124. Be7 Ra6 125. Bf6 Ra2 126. Ke6 Ra6+ 127. Ke7 Kh7 128.
Kf7 Ra2 129. Bd4 Rc2 130. Kf6+ Kg8 131. Rd8+ Kh7 132. Kf5 1-0

[Event "2nd UzChess Cup Masters"]
[Site "Tashkent UZB"]
[Date "2025.06.24"]
[Round "6.5"]
[White "Maghsoodloo, Parham"]
[Black "Nepomniachtchi, Ian"]
[Result "1/2-1/2"]
[WhiteTitle "GM"]
[BlackTitle "GM"]
[WhiteElo "2691"]
[BlackElo "2757"]
[WhiteFideId "12539929"]
[BlackFideId "4168119"]
[EventDate "2025.06.19"]

1. d4 Nf6 2. c4 e6 3. Nc3 Bb4 4. e3 O-O 5. Bd3 d5 6. cxd5 exd5 7. a3 Bd6 8. Qc2
Na6 9. Nge2 c5 10. f3 Re8 11. O-O Nc7 12. Bd2 c4 13. Bf5 Bxf5 14. Qxf5 b5 15. e4
Qd7 16. Qxd7 Nxd7 17. Bf4 Bxf4 18. Nxf4 Nb6 19. exd5 Red8 20. Rfe1 a6 21. Re5 f6
22. Rf5 Rd7 23. d6 Rxd6 24. Rc5 Ne8 25. a4 b4 26. Ne4 Rxd4 27. Ne6 Rd5 28. Rc6
Nd7 29. Rxc4 a5 30. Nf4 Rf5 31. Nd3 Rd5 32. Nf4 Rf5 33. Rd4 Nb6 34. Ng3 Rc5 35.
b3 Rac8 36. Ne4 Rf5 37. Ng3 Rfc5 38. Ne4 Rf5 39. Ng3 1/2-1/2

[Event "2nd UzChess Cup Masters"]
[Site "Tashkent UZB"]
[Date "2025.06.25"]
[Round "7.1"]
[White "Nepomniachtchi, Ian"]
[Black "Praggnanandhaa, R"]
[Result "1/2-1/2"]
[WhiteTitle "GM"]
[BlackTitle "GM"]
[WhiteElo "2757"]
[BlackElo "2767"]
[WhiteFideId "4168119"]
[BlackFideId "25059530"]
[EventDate "2025.06.19"]

1. e4 e5 2. Nf3 Nc6 3. Bb5 a6 4. Ba4 Nf6 5. O-O Bc5 6. c3 b5 7. Bb3 d6 8. d4 Bb6
9. a4 Bd7 10. Bg5 Rb8 11. axb5 axb5 12. Qd3 h6 13. Bh4 g5 14. Bg3 Nh5 15. Na3
O-O 16. Nxb5 Ne7 17. Bc4 Ng6 18. dxe5 Nxg3 19. hxg3 g4 20. Nfd4 Nxe5 21. Qe2 h5
22. Na3 h4 23. Qe3 Kg7 24. Be2 Rh8 25. Nc4 Nxc4 26. Bxc4 Qf6 27. Qf4 Rh6 28.
Qxf6+ Kxf6 29. gxh4 Rxh4 30. g3 Rh3 31. Kg2 Rbh8 32. Rh1 Rxh1 33. Rxh1 Rxh1 34.
Kxh1 Ke5 35. Bxf7 Bxd4 36. cxd4+ Kxd4 37. Kg2 Kxe4 38. Bg6+ Ke5 39. f4+ gxf3+
40. Kxf3 c5 41. Ke3 d5 42. Bd3 Be6 43. Bf1 d4+ 44. Kd2 c4 45. Bg2 Kd6 46. Bf3
Kc5 47. Bd1 Bf7 48. Kc1 Kb4 49. Kd2 Be8 50. Kc1 Bf7 51. Kd2 Bg6 52. Kc1 c3 53.
bxc3+ Kxc3 54. Be2 d3 55. Bxd3 Kxd3 56. Kb2 Bf5 57. g4 Bxg4 1/2-1/2

[Event "2nd UzChess Cup Masters"]
[Site "Tashkent UZB"]
[Date "2025.06.25"]
[Round "7.2"]
[White "Abdusattorov, Nodirbek"]
[Black "Maghsoodloo, Parham"]
[Result "1-0"]
[WhiteTitle "GM"]
[BlackTitle "GM"]
[WhiteElo "2767"]
[BlackElo "2691"]
[WhiteFideId "14204118"]
[BlackFideId "12539929"]
[EventDate "2025.06.19"]

1. e4 c5 2. Nf3 e6 3. d4 cxd4 4. Nxd4 Nc6 5. Nc3 Qc7 6. Qd3 a6 7. Nxc6 Qxc6 8.
Bf4 Ne7 9. O-O-O b5 10. h4 Bb7 11. h5 Rd8 12. Qd4 f6 13. Bd6 Nc8 14. Bxf8 Rxf8
15. Rh3 Qb6 16. Qd2 Bc6 17. Re1 Qc5 18. Nd5 Kf7 19. Nb4 Bb7 20. h6 g6 21. e5 Kg8
22. Nd3 Qd4 23. g3 Nb6 24. Rh4 Qd5 25. b3 Rc8 26. exf6 Rxf6 27. c3 d6 28. Bh3 g5
29. Rh5 Kh8 30. Rxg5 Rxc3+ 31. Kb2 Qxd3 32. Qxc3 Qxc3+ 33. Kxc3 Nd5+ 34. Kd2 e5
35. Rg7 Bc6 36. Rc1 Nb4 37. a3 Rxf2+ 38. Ke3 Rc2 39. Be6 1-0

[Event "2nd UzChess Cup Masters"]
[Site "Tashkent UZB"]
[Date "2025.06.25"]
[Round "7.3"]
[White "Vokhidov, Shamsiddin"]
[Black "Yakubboev, Nodirbek"]
[Result "1/2-1/2"]
[WhiteTitle "GM"]
[BlackTitle "GM"]
[WhiteElo "2644"]
[BlackElo "2659"]
[WhiteFideId "14204223"]
[BlackFideId "14203987"]
[EventDate "2025.06.19"]

1. e4 e5 2. Nf3 Nc6 3. Bb5 Nf6 4. d3 Bc5 5. c3 O-O 6. O-O Re8 7. Bg5 a6 8. Ba4
h6 9. Bh4 b5 10. Bb3 g5 11. Bg3 d6 12. Nbd2 Bb6 13. a4 Rb8 14. Re1 Nh7 15. Nf1
Nf8 16. h3 Ng6 17. axb5 axb5 18. d4 Qf6 19. Ne3 Nce7 20. Ng4 Bxg4 21. hxg4 Kg7
22. Qe2 exd4 23. cxd4 Bxd4 24. Nxd4 Qxd4 25. Rac1 c5 26. Red1 Qb4 27. Rc3 Nf4
28. Bxf4 gxf4 29. g5 c4 30. gxh6+ Kxh6 31. Qd2 Kg7 32. Rg3+ fxg3 33. Qxb4 gxf2+
34. Kxf2 cxb3 35. Qc3+ Kg8 36. Rxd6 Ng6 37. Qxb3 Kg7 38. Rd7 Ne5 39. Rd5 b4 40.
Qg3+ Ng6 41. Qd3 Ne5 42. Qd4 f6 43. Qa7+ Kg6 44. Kg3 Rbc8 45. Qa4 Rg8 46. Kf2
Rc1 47. Qb3 Rgc8 48. Rxe5 fxe5 49. Qxb4 R1c2+ 50. Kf3 R8c6 51. Qb8 Rf6+ 52. Ke3
Rf1 53. Qe8+ Kh7 54. Qe7+ Kg8 55. Qe6+ Kh7 56. g3 Rb1 57. Qxe5 Rcxb2 58. Qe7+
Kg8 59. Kf4 Rb7 60. Qe8+ Kh7 61. Qh5+ Kg8 62. Qd5+ Kg7 63. e5 R1b4+ 64. Kg5 R4b6
65. Qe4 Re7 66. Qf5 Rbe6 67. Kh4 Rxe5 68. Qd3 1/2-1/2

[Event "2nd UzChess Cup Masters"]
[Site "Tashkent UZB"]
[Date "2025.06.25"]
[Round "7.4"]
[White "Sindarov, Javokhir"]
[Black "Aravindh, Chithambaram VR."]
[Result "1-0"]
[WhiteTitle "GM"]
[BlackTitle "GM"]
[WhiteElo "2710"]
[BlackElo "2749"]
[WhiteFideId "14205483"]
[BlackFideId "5072786"]
[EventDate "2025.06.19"]

1. d4 Nf6 2. c4 g6 3. Nc3 Bg7 4. e4 d6 5. Be2 O-O 6. Nf3 e5 7. d5 a5 8. Bg5 h6
9. Be3 Na6 10. Nd2 c6 11. g4 Nd7 12. h4 Ndc5 13. h5 Bd7 14. Nb3 cxd5 15. Nxc5
Nxc5 16. cxd5 Rc8 17. Qd2 b5 18. f3 b4 19. Nb5 Qb6 20. a4 bxa3 21. bxa3 f5 22.
gxf5 gxf5 23. Rb1 fxe4 24. Nc3 Qd8 25. Nxe4 Nxe4 26. fxe4 Kh7 27. Rb7 Rf7 28.
Qb2 Bf6 29. Rg1 Bg5 30. Bxg5 hxg5 31. Kd2 Kh6 32. Qb6 Qxb6 33. Rxb6 Rf6 34. Rf1
Rcf8 35. Rxd6 Rxd6 36. Rxf8 g4 37. Rd8 Kxh5 38. Bb5 g3 39. Bxd7 g2 40. Be8+ Rg6
41. Bxg6+ Kh6 42. Bf7 1-0

[Event "2nd UzChess Cup Masters"]
[Site "Tashkent UZB"]
[Date "2025.06.26"]
[Round "8.2"]
[White "Aravindh, Chithambaram VR."]
[Black "Rapport, Richard"]
[Result "0-1"]
[WhiteTitle "GM"]
[BlackTitle "GM"]
[WhiteElo "2749"]
[BlackElo "2714"]
[WhiteFideId "5072786"]
[BlackFideId "738590"]
[EventDate "2025.06.19"]

1. e4 c5 2. Nf3 e6 3. d4 cxd4 4. Nxd4 a6 5. Bd3 Bc5 6. Nb3 Ba7 7. Qe2 Nc6 8. Be3
d6 9. N1d2 Nf6 10. O-O Bxe3 11. Qxe3 O-O 12. Rfd1 Qc7 13. c4 Nb4 14. Nf3 e5 15.
a3 Nc6 16. h3 Be6 17. Nbd2 Nh5 18. Bf1 Nf4 19. Rac1 Qe7 20. g3 Ng6 21. b4 Rad8
22. Bg2 h6 23. Re1 Rd7 24. Kh2 Qd8 25. Bf1 Nge7 26. b5 axb5 27. cxb5 Na5 28. Nc4
f5 29. Nfd2 Nxc4 30. Bxc4 Bxc4 31. Rxc4 Kh8 32. Kg2 d5 33. exd5 Nxd5 34. Qe2 e4
35. Nf1 f4 36. Qxe4 fxg3 37. fxg3 Re7 38. Qb1 Ref7 39. Kg1 Qd7 40. Qd3 Rf3 41.
Qe2 Qxh3 42. Rd4 Rxg3+ 43. Nxg3 Qxg3+ 44. Kh1 Rf2 0-1

[Event "2nd UzChess Cup Masters"]
[Site "Tashkent UZB"]
[Date "2025.06.26"]
[Round "8.3"]
[White "Yakubboev, Nodirbek"]
[Black "Sindarov, Javokhir"]
[Result "1/2-1/2"]
[WhiteTitle "GM"]
[BlackTitle "GM"]
[WhiteElo "2659"]
[BlackElo "2710"]
[WhiteFideId "14203987"]
[BlackFideId "14205483"]
[EventDate "2025.06.19"]

1. d4 d5 2. c4 e6 3. Nf3 Nf6 4. Nc3 Nbd7 5. Qc2 dxc4 6. e4 Nb6 7. Be3 Bd7 8. Be2
Bb4 9. O-O Bxc3 10. bxc3 Ba4 11. Qb1 Bc6 12. Nd2 Na4 13. Rc1 b5 14. Bd1 Nb6 15.
a4 a6 16. Bc2 h6 17. d5 exd5 18. Bc5 Nbd7 19. Ba3 Ne5 20. f4 Nd3 21. Bxd3 cxd3
22. e5 Nh5 23. g3 d4 24. Qb4 Nxf4 25. gxf4 Qh4 26. Nf1 d2 27. Rd1 O-O-O 28. axb5
axb5 29. cxd4 g5 30. Qc3 Bb7 31. Bd6 Rd7 32. f5 b4 33. Qxb4 Qe4 34. d5 Qxd5 35.
Rxd2 Qh1+ 36. Kf2 cxd6 37. Rc2+ Kb8 38. Rca2 Qg2+ 39. Ke1 Qe4+ 40. Qxe4 Bxe4 41.
Ng3 Bb7 42. Re2 dxe5 43. Rxe5 Rdd8 44. Re7 Rhe8 45. f6 Rxe7+ 46. fxe7 Re8 47.
Nf5 Be4 48. Ra5 Bxf5 49. Rxf5 Rxe7+ 50. Kf2 1/2-1/2

[Event "2nd UzChess Cup Masters"]
[Site "Tashkent UZB"]
[Date "2025.06.26"]
[Round "8.4"]
[White "Maghsoodloo, Parham"]
[Black "Vokhidov, Shamsiddin"]
[Result "0-1"]
[WhiteTitle "GM"]
[BlackTitle "GM"]
[WhiteElo "2691"]
[BlackElo "2644"]
[WhiteFideId "12539929"]
[BlackFideId "14204223"]
[EventDate "2025.06.19"]

1. c4 Nf6 2. Nc3 e5 3. Nf3 Nc6 4. g3 Bb4 5. Nd5 Bc5 6. e3 O-O 7. a3 e4 8. Nh4 d6
9. b4 Bb6 10. Bb2 Nxd5 11. cxd5 Ne5 12. Qc2 f5 13. Be2 Bd7 14. O-O Qe7 15. f4
exf3 16. Nxf3 f4 17. gxf4 Rxf4 18. Nxe5 dxe5 19. Kh1 Rh4 20. Rf2 Qd6 21. Bc4 Rf8
22. Raf1 Rf6 23. Rf3 Be8 24. Qc1 Bg6 25. Rg3 Be4+ 26. Kg1 Rg6 27. Qe1 Rh3 28.
Bxe5 Qxe5 29. d6+ Bd5 30. Bxd5+ Qxd5 0-1

[Event "2nd UzChess Cup Masters"]
[Site "Tashkent UZB"]
[Date "2025.06.26"]
[Round "8.5"]
[White "Nepomniachtchi, Ian"]
[Black "Abdusattorov, Nodirbek"]
[Result "1/2-1/2"]
[WhiteTitle "GM"]
[BlackTitle "GM"]
[WhiteElo "2757"]
[BlackElo "2767"]
[WhiteFideId "4168119"]
[BlackFideId "14204118"]
[EventDate "2025.06.19"]

1. e4 e5 2. Nf3 Nc6 3. Bb5 a6 4. Ba4 Nf6 5. O-O Bc5 6. c3 O-O 7. d4 Ba7 8. Re1
d6 9. h3 b5 10. Bc2 Bb7 11. Be3 exd4 12. cxd4 Nb4 13. Nbd2 Nxc2 14. Qxc2 Qd7 15.
d5 Bxe3 16. Rxe3 Rac8 17. Nd4 c6 18. dxc6 Bxc6 19. Nxc6 Rxc6 20. Qd3 Qc7 21. Nf3
Re8 22. Rae1 g6 23. b3 Rc1 24. Qd4 Re6 25. Ng5 Re5 26. Nf3 Re6 27. Ng5 Re5 28.
Nf3 Re6 1/2-1/2

[Event "2nd UzChess Cup Masters"]
[Site "Tashkent UZB"]
[Date "2025.06.27"]
[Round "9.1"]
[White "Abdusattorov, Nodirbek"]
[Black "Praggnanandhaa, R"]
[Result "0-1"]
[WhiteTitle "GM"]
[BlackTitle "GM"]
[WhiteElo "2767"]
[BlackElo "2767"]
[WhiteFideId "14204118"]
[BlackFideId "25059530"]
[EventDate "2025.06.19"]

1. e4 c5 2. Nf3 e6 3. d4 cxd4 4. Nxd4 Nc6 5. Nc3 Nf6 6. Bf4 d6 7. Bb5 Bd7 8.
Nxc6 bxc6 9. Ba4 e5 10. Bg5 h6 11. Bxf6 Qxf6 12. Qd3 a5 13. O-O-O Be7 14. Rhf1
O-O 15. g3 Rab8 16. f4 Rb4 17. Qa6 exf4 18. gxf4 Rfb8 19. e5 Qf5 20. exd6 Bf6
21. Bb3 Qc5 22. Rfe1 Bxc3 23. bxc3 Qxc3 24. Qd3 Qa1+ 25. Kd2 Qf6 26. c3 Bf5 27.
Qxf5 Rd4+ 28. cxd4 Qxf5 29. Kc3 Qd7 30. Re5 Qxd6 31. Rde1 Kf8 32. Kd3 Rd8 33.
R1e4 Qb4 34. f5 a4 35. Bc4 Qb1+ 36. Kc3 Qc1+ 37. Kd3 Qb1+ 38. Kc3 Rb8 39. Re3
Qc1+ 40. Kd3 Qd1+ 41. Kc3 Qa1+ 42. Kd3 Qb1+ 43. Kc3 g6 44. fxg6 Qc1+ 45. Kd3 Rb4
46. Re8+ Kg7 47. Rg8+ Kxg8 48. gxf7+ Kh7 49. f8=Q Qxc4+ 0-1

[Event "2nd UzChess Cup Masters"]
[Site "Tashkent UZB"]
[Date "2025.06.27"]
[Round "9.2"]
[White "Vokhidov, Shamsiddin"]
[Black "Nepomniachtchi, Ian"]
[Result "1-0"]
[WhiteTitle "GM"]
[BlackTitle "GM"]
[WhiteElo "2644"]
[BlackElo "2757"]
[WhiteFideId "14204223"]
[BlackFideId "4168119"]
[EventDate "2025.06.19"]

1. e4 c5 2. Nf3 e6 3. d4 cxd4 4. Nxd4 Nf6 5. Nc3 Nc6 6. Nxc6 bxc6 7. e5 Nd5 8.
Ne4 Qc7 9. f4 Rb8 10. Bd3 c5 11. c4 Nb4 12. O-O Nxd3 13. Qxd3 Bb7 14. Rf2 Qc6
15. Re2 d5 16. exd6 Rd8 17. Bd2 Bxd6 18. Qg3 O-O 19. Bc3 e5 20. fxe5 Be7 21. Nd6
g6 22. Nf5 Qe6 23. Nxe7+ Qxe7 24. e6 f6 25. Rf1 Bc8 26. Qh4 Bxe6 27. Bxf6 Qf7
28. Ref2 Rd7 29. b3 Qe8 30. Qg5 Rdf7 31. Qxc5 Qd7 32. Qg5 Qd3 33. h3 Bc8 34. h4
Bb7 35. h5 a5 36. Rf5 Rg7 37. Qh6 Rff7 38. R5f2 1-0

[Event "2nd UzChess Cup Masters"]
[Site "Tashkent UZB"]
[Date "2025.06.27"]
[Round "9.3"]
[White "Sindarov, Javokhir"]
[Black "Maghsoodloo, Parham"]
[Result "1/2-1/2"]
[WhiteTitle "GM"]
[BlackTitle "GM"]
[WhiteElo "2710"]
[BlackElo "2691"]
[WhiteFideId "14205483"]
[BlackFideId "12539929"]
[EventDate "2025.06.19"]

1. e4 e5 2. Nf3 Nc6 3. Bc4 Bc5 4. c3 Nf6 5. d4 exd4 6. cxd4 Bb4+ 7. Nbd2 d5 8.
exd5 Nxd5 9. O-O O-O 10. a3 Bxd2 11. Bxd2 Nb6 12. Ba2 Be6 13. Bxe6 fxe6 14. Qe2
Nxd4 15. Nxd4 Qxd4 16. Qxe6+ Rf7 17. Bc3 Qd7 18. Qe4 c6 19. Rad1 Qf5 20. Qxf5
Rxf5 21. Rfe1 Nd5 22. f3 Nxc3 23. bxc3 Raf8 24. Re7 R5f7 25. Rxf7 Rxf7 26. Rd8+
Rf8 27. Rd7 Rf7 28. Rd8+ Rf8 29. Rd7 Rf7 30. Rd8+ 1/2-1/2

[Event "2nd UzChess Cup Masters"]
[Site "Tashkent UZB"]
[Date "2025.06.27"]
[Round "9.4"]
[White "Rapport, Richard"]
[Black "Yakubboev, Nodirbek"]
[Result "1/2-1/2"]
[WhiteTitle "GM"]
[BlackTitle "GM"]
[WhiteElo "2714"]
[BlackElo "2659"]
[WhiteFideId "738590"]
[BlackFideId "14203987"]
[EventDate "2025.06.19"]

1. e4 e5 2. Nf3 Nc6 3. Bb5 a6 4. Bxc6 dxc6 5. O-O f6 6. d4 exd4 7. Nxd4 c5 8.
Nb3 Qxd1 9. Rxd1 Bd7 10. Bf4 O-O-O 11. Nc3 Be6 12. Rxd8+ Kxd8 13. Rd1+ Kc8 14.
Nd5 Bxd5 15. Rxd5 b6 16. Rd1 Ne7 17. g3 Nc6 18. Be3 Bd6 19. f4 Re8 20. Nd2 c4
21. Nxc4 Bb4 22. e5 fxe5 23. Nxe5 Nxe5 24. fxe5 Rxe5 25. Kf2 Bc5 26. Bxc5 Rxc5
27. c3 Rf5+ 28. Ke3 Re5+ 29. Kf3 Rf5+ 30. Ke3 Re5+ 1/2-1/2